000 00688nam a2200289Ia 4500
005 20260324115842.0
008 008 260324s9999 xx 000 0 eng d
020 _a9780429183713
037 _aEBOOK
040 _aCRL
040 _beng
040 _cCRL
041 _2eng
041 _aeng
084 _qCRL
100 _aB.S. Dhillon
_91149463
245 0 _aSafety and Reliability in the Oil and Gas Industry
245 2 _bA Practical Approach
260 _bTaylor and Francis
260 _c2016
365 _a
365 _b340
856 _uhttp://www.taylorfrancis.com/books/9780429183713
942 _cEBOOK
999 _c1747437
_d1747437